| 000 | 01631nam a2200361 i 4500 | ||
|---|---|---|---|
| 001 | 197989 | ||
| 003 | ES-MaACL | ||
| 005 | 20260219063011.0 | ||
| 007 | ta | ||
| 008 | 251126s2024 sp a |||||| 001 | spa d | ||
| 017 |
_aP 69-2025 _bOficina Depósito Legal Palencia |
||
| 020 | _a978-84-129900-0-3 | ||
| 040 |
_aES-MaACL _bspa _cES-MaACL _erda |
||
| 080 | _a94(460.183 Ampudia)(084.12) | ||
| 100 | 1 |
_aRuano Cerezo, Juan José _9242550 _4aut _eaut |
|
| 245 | 1 | 0 |
_aÁlvaro de Castro : _bdos fotógrafos de Ampudia / _cÁlvaro de Castro Cea, Álvaro de Castro del Bosque (fotografías) ; Juan José Ruano Cerezo (textos) ; María Inmaculada San José Negro (tratamiento de imágenes) |
| 264 | 1 |
_aPalencia : _bArchivo Histórico Provincial de Palencia, _c2025 |
|
| 300 |
_a207 páginas : _bprincipalmente ilustraciones ; _c23 cm |
||
| 336 |
_atexto _2rdacontent |
||
| 337 |
_asin mediación _2rdamedia |
||
| 338 |
_avolumen _2rdacarrier |
||
| 500 | _aEjemplar firmado y dedicado por la compiladora | ||
| 651 | 4 |
_9242816 _aAmpudia _xHistoria _zObras ilustradas |
|
| 655 | 4 |
_9242101 _aObras ilustradas |
|
| 700 | 1 |
_aDe Castro Cea, Álvaro _epht _9242551 _4pht |
|
| 700 | 1 |
_aDe Castro Del Bosque, Álvaro _epht _9242552 _4pht |
|
| 700 | 1 |
_aSan José Negro, María Inmaculada _ecom _9242815 _4edc |
|
| 852 |
_aES-MaACL _cDEPO1 _jA-15948 _gDedicatoria autógrafa de la compiladora _hDonación: Juan José Ruano Cerezo _xEncuadernación cartoné _9207080 |
||
| 942 |
_cMONOGRAFIA _n0 |
||
| 999 |
_c197989 _d197989 |
||